Statistics for R6 maps described by the strats

Click here to take the quiz!

General Stats

  • This quiz has been taken 130 times
  • The average score is 7 of 12

Answer Stats

HintAnswer% Correct
Extremely Long NameKafe Dostoyevsky
89%
Goal For Brazil!!Favela
77%
Garage WarsHouse
76%
House in the Snow, has a garageChalet
75%
Best Bomb Location is Armory LockersBorder
70%
Known for Spawn PeakingClubhouse
61%
Glaz and Kali AdvantagePlane
57%
Known for Kitchen BombCoastline
55%
Massive Map, Nomad and Kaid VibezFortress
55%
2 Upstair Bomb Sites/Ruins is a Spawn PointVilla
54%
Rank BalancedBank
39%
Used for speedrunning R6Consulate
29%

Score Distribution

Percentile by Number Answered

Percent of People with Each Score

Your Score History

You have not taken this quiz